MAGICAL WORLD OF MATHEMATICS [ VEDIC MATHEMATICS] (Record no. 8549)

MARC details
000 -LEADER
fixed length control field 00355nam a22001337a 4500
005 - DATE AND TIME OF LATEST TRANSACTION
control field 20240705153954.0
008 - FIXED-LENGTH DATA ELEMENTS--GENERAL INFORMATION
fixed length control field 240705b |||||||| |||| 00| 0 eng d
020 ## - INTERNATIONAL STANDARD BOOK NUMBER
ISBN 81-902-666-0-8
041 ## - LANGUAGE CODE
Language code of text/sound track or separate title eng
100 ## - MAIN ENTRY--AUTHOR NAME
Personal name UNKALKAR, V.J.
245 ## - TITLE STATEMENT
Title MAGICAL WORLD OF MATHEMATICS [ VEDIC MATHEMATICS]
260 ## - PUBLICATION, DISTRIBUTION, ETC. (IMPRINT)
Place of publication BANGALORE
Name of publisher VANDANA PUBLISHERS
942 ## - ADDED ENTRY ELEMENTS (KOHA)
Koha item type Books
Holdings
Lost status Damaged status Home library Current library Shelving location Date acquired Source of acquisition Cost, normal purchase price Accession Number Koha item type
    JRU Library JRU Library SHELF-44-L 05/07/2024 PURCHASE 320.00 28235 Books
    JRU Library JRU Library SHELF-44-L 05/07/2024 PURCHASE 320.00 28236 Books